Fictional Emails II Quiz Stats

Quiz Updated Jul 19, 2012

Also try: Fictional Emails
Challenge
Share
Tweet
Embed
Score 0/28 Timer 07:00
0 Plays Today
Email Character % Correct
hastalavista@skynet.govThe Terminator
76.9%
picnictime@jellystonepark.govYogi Bear
72.4%
luvrboy@montague_family.comRomeo
71.9%
excalibur@roundtable.gov.ukKing Arthur
70%
greatpumpkinfan@goodgrief.comCharlie Brown
69.5%
suit_up@starkindustries.comTony Stark
65.5%
moresnacks@mysterymachine.comScooby-Doo
65.3%
oh_bother@hundredacrewood.comWinnie-the-Pooh
63.5%
2sizes2small@northofwhoville.netThe Grinch
60.3%
mypreciousss@gladdenfields.comGollum
56%
2ndbanana@plumbingbros.comLuigi
55%
infinity@starcommand.netBuzz Lightyear
53.4%
toolman@binford.comTim Taylor
50.8%
biteme@webslinger.comPeter Parker
41.4%
Email Character % Correct
waxon_waxoff@karate.comMr. Miyagi
39.8%
imstuffed@calvinball.comHobbes
30.7%
DrAcula@sacredheart.comJohn Dorian
26.2%
nosnakes@marshallcollege.eduIndiana Jones
26%
A_Wearer@puritans.orgHester Prynne
23.4%
MonMaster@pallettown.netAsh Ketchum
21.4%
kamehameha@planet_vegeta.comSon Goku
19.9%
dankeschoen@chicago.il.usFerris Bueller
16.8%
NotAPhony@pencey.eduHolden Caulfield
12.6%
goodnewseveryone@state.nny.usHubert J. Farnsworth
10.3%
acesergeant@policesquad.netFrank Drebin
9.4%
stillalive@aperturescience.comGLaDOS
7.7%
ilovebb@minitrue.govWinston Smith
4.6%
noface@UNSpaceCommand.govMaster Chief
3.7%

You're not logged in!

Compare scores with friends on all Sporcle quizzes.
Sign Up with Email
OR
Log In

You Might Also Like...

Show Comments

Extras

Top Quizzes Today


Score Distribution

Your Account Isn't Verified!

In order to create a playlist on Sporcle, you need to verify the email address you used during registration. Go to your Sporcle Settings to finish the process.